000 00499nam a2200181Ia 4500
008 240925s9999 xx 000 0 und d
020 _a8176560316
082 _a005.133 PET
100 _aPetroutsos, Evangelos
245 0 _aMastering Visual Basic 6
250 _aNA
260 _aNew Jersey:
_bPrintice- Hall Int.
_cNA
300 _axxv,1273p.
_bNA
_fPhotocopy
500 _aIncludes Index
600 _aComputer Science
650 _aComputer science, information & general works
942 _cBK
999 _c7410
_d7410